000 00609nam a2200241Ia 4500
003 OSt
005 20220912153133.0
006 a|||||r|||| 00| 0
007 ta
008 220909b |||||||| |||| 00| 0 eng d
024 _a19070
037 _cTextual
040 _aCSL
_beng
_cCSL
041 _aeng
082 _aY7145:1:4.9M, L6;1
100 _aSINGH PURUSHOTTAM
245 0 _aNeolitihc cultures of Western Asia
300 _ap.
_ccm.
650 _a Neolitihc
650 _aAnthropology
942 _hY7145:1:4.9M, L6;1
_cTEXL
_2CC
999 _c98766
_d98766